000 00880cam a22002411 4500
001 e 21000126
003 DLC
005 20260227111212.0
008 940411s1921 dcua f000 0 eng c
010 _ae 21000126
035 _a(OCoLC)30115228
040 _aLibrary, U.S. Bur. of Education
_cIEN
_dDLC
050 0 0 _aL111
_b.A6 1920, no. 40
051 _aS533
_b.W6
_cCopy 2.
100 1 _aWoodward, Carl Raymond,
_d1890-
245 1 4 _aThe curriculum of the college of agriculture
_c[by] Carl R. Woodward ...
260 _aWashington,
_bGovt. Print. Off.,
_c1921.
300 _a86 p. incl. diagrs., tables.
_c23 cm.
490 1 _a[U.S.] Bureau of Education. Bulletin,
_v1920, no. 40
500 _aAt head of title: Department of the Interior ...
650 0 _aAgricultural colleges
_zUnited States.
830 0 _aBulletin (United States. Bureau of Education) ;
_v1920, no. 40.
999 _c20441
_d20441